1279 1881 1254 1110 1221 1321 1511 1472 1355 1351 1771 1123 1704 1984 1766 1038 1288 1721 1287 1571 1315 1481 1585 1063 1983 1351 1566 1775 1800 1253 1237 1610 1210 1066 1162 1007 1531 1304 1441 1055 1782 1177 1881 1617 1710 1245 1162 1472 1187 1872 1177 1827 1368 1823 1498 1232 1284 1628 1362 1845 1115 1019 1946 1652 1030 1482 1403 1915 1440 1579 1616 1218 1222 1064 1091 1658 2000 1484 1169 1078 1659 1407 1870 1833 1060 1249 1223 1577 1314 1031 1550 1611 1366 1495 1231 1736 1133 1953 1466 BCNSPRNW ULIB Ver.6.0+V

เปลี่ยนเป็นภาษาไทย

Change to English
 แสดงรายละเอียดบรรณานุกรม
  กลับหน้าหลัก

Brief Record : Get Marc (ISO 2709) : E-mail record : QR code < ปิดหน้าต่าง
LEADER : 00000nam 2200000uu 4500
001    13399112541
003     ULIB
008    110823s2552||||th 000 0 tha d
020    9786169005575
090    นว.^bว617พ 2552
100 0  วินุตตา
245 00 พิรุณลายไฟ/^cวินุตตา
250    พิมพ์ครั้งที่ 1
260    กรุงเทพฯ :^bอินเลิฟ,^c2552
300    255 หน้า
710 1  อินเลิฟ
945    ^p199^l0^i17065
995    กัณชพร
999     ^aใช้งานได้ทุกระบบ
รายการนี้ยังไม่มีแท็ก
คุณยังไม่ได้ล็อกอิน คุณสามารถมีกิจกรรมร่วมกับเว็บไซต์ได้ แต่ต้องล็อกอินก่อน ::
  ล็อกอิน

รายการสื่อสารสนเทศ

ลำดับที่ ประเภท เลขเรียก/บาร์โค้ด สถานที่ สถานะ
1. นวนิยาย
นวนิยาย
นว. ว617พ 2552  
  Barcode: 17065
ห้องสมุดวิทยาเขตสวรรค์ประชารักษ์
►นวนิยาย
บนชั้น
  ขอยืม

รายการใกล้เคียง
    ผู้แต่ง [วินุตตา]

BibComment


ยังไม่เคยถูกคอมเมนท์

คอมเมนท์ทรัพยากรรายการนี้
  คอมเมนท์: พิรุณลายไฟ วินุตตา


 Copyright 2026. Bcnsprnw @Library